000 00297nam a2200121Ia 4500
008 190216s9999||||xx |||||||||||||| ||und||
100 _aPillai G R
245 0 _aSahakaranavum Samuhya Vikasanavum
260 _bKerala Bhasha Institute
_c1970
300 _a520p
650 _aEconomics
942 _cBK
999 _c37516
_d37516